000 00376nam a2200133Ia 4500
008 100328s9999 xx 000 0 und d
082 _b35615
100 _aरानडे जयंत.
245 _aब्लड रिव्हर.
260 _bपूजा.
630 _aब्लड रिव्हर.
730 _aब्लड रिव्हर.
942 _cBOOK
999 _c525487
_d525484